000 00661nam a2200217 a 4500
001 000012219
005 20200929162741.0
008 091106s1999 ve 001 f spa d
020 _a9800111409
040 _aDO-SdBNP
_bspa
_cBNPHU
082 _aCu863.44
_bV393f
100 1 _aVázquez Díaz, René,
_d1952-
_928854
245 1 0 _aFredrika en el paraiso /
_cRené Vázquez Díaz.
260 _aCaracas, (Venezuela) :
_bMonte Ávila Editores Latinoamericana,
_c1999.
300 _a305 p. ;
_c20 cm.
490 1 _aContinentes
650 4 _aNovela cubana
_92316
650 4 _aLiteratura cubana
_ySIGLO XX
_99186
830 0 _aContinentes.
_95341
049 _aBNGR
999 _c11883
_d11883